000 00298nam a22001337a 4500
008 170623b xxu||||| |||| 00| 0 eng d
020 _a9780534091200
041 _aeng
080 _a32
100 _a21
101 _aSHP
245 _aSENSE AND NONSENSE ABOUT CRIME
_cWALKER, S
942 _2udc
_cBK
999 _c19066
_d19066